Flughafencodes Australien und Ozeanien - Statistiken

Allgemein
  • Dieses Quiz wurde 53 mal gespielt
    52 seit der letzten Aktualisierung
  • Das Durchschnittsergebnis liegt bei 15 aus 15
Antwortstatistiken
Hint Antwort % Korrekt
Adelaide ADL
100%
Brisbane BNE
100%
Christchurch CHC
100%
Cairns CNS
100%
Darwin DRW
100%
Guam GUM
100%
Hobart HBA
100%
Melbourne MEL
100%
Suva SUV
100%
Auckland AKL
98%
Canberra CBR
98%
Sydney SYD
98%
Perth PER
95%
Port Moresby POM
95%
Tahiti PPT
85%
Keine übereinstimmenden Quizze gefunden
Verteilung der Resultate
Anzahl Personen mit jedem Resultat
Perzentil nach korrekt beantworteten Fragen
Ihre Resultats-Entwicklung
Sie haben dieses Quiz seit der letzten Aktualisierung nicht gespielt